Clash Royale Karten (DE) - Statistiken

Allgemein
  • Dieses Quiz wurde 3.819 mal gespielt
  • Das Durchschnittsergebnis liegt bei 54 aus 103
Antwortstatistiken
Antwort % Korrekt
Riese
84%
Skelette
84%
Kobolde
81%
Prinz
81%
Magier
78%
Feuerball
77%
Ritter
77%
Barbaren
76%
Eismagier
75%
Elektromagier
74%
Hexe
73%
P.E.K.K.A.
73%
Blitz
72%
Bogenschützen
72%
Eisgeist
72%
Megaritter
71%
Kampfholz
70%
Prinzessin
70%
Feuergeister
69%
Pfeile
69%
Mini-P.E.K.K.A.
68%
Schweinereiter
68%
Golem
67%
Koboldfass
67%
Skelettarmee
66%
Infernoturm
65%
Kanone
65%
Koboldhütte
65%
Speerkobolde
65%
Tesla
65%
Rakete
62%
Infernodrache
61%
Dunkler Prinz
60%
Heilungsgeist
60%
Nachthexe
60%
Ballon
59%
Barbarenhütte
59%
Friedhof
59%
Holzfäller
59%
Knall
58%
Wut
58%
Koboldgang
57%
Musketierin
57%
Funki
56%
Elektrogeist
55%
Elektroriese
55%
Lavahund
55%
Walküre
55%
Gift
54%
Grabstein
54%
Tunnelgräber
54%
Königsriese
53%
Bombenturm
52%
Elektrodrache
52%
Lakaien
52%
X-Bogen
52%
Bomber
51%
Koboldriese
50%
Frost
49%
Riesenskelett
49%
Elitebarbaren
48%
Ofen
48%
Eisgolem
47%
Banditin
46%
Barbarenfass
46%
Drachenbaby
46%
Fledermäuse
46%
Lakaienhorde
46%
Heilzauber
45%
Schneeball
44%
Erdbeben
43%
Minenwerfer
41%
Drei Musketierinnen
40%
Tornado
40%
Koboldkäfig
39%
Spiegel
39%
Königsgeist
38%
Magieschütze
38%
Skelettfass
38%
Widderreiterin
38%
Feuerwerkerin
37%
Fischer
37%
Klonzauber
37%
Elixiergolem
35%
Mauerbrecher
35%
Blasrohrkobold
34%
Hexenmutter
33%
Königliche Luftpost
33%
Königsrekruten
32%
Rammbock
32%
Bowler
31%
Königsschweinchen
31%
Megalakai
30%
Wächter
30%
Skelettdrachen
28%
Jäger
27%
Kampfheilerin
27%
Kanonenkarre
27%
Flugmaschine
26%
Scharfrichter
26%
Rabauken
25%
Elixiersammler
24%
Zappys
21%
Keine übereinstimmenden Quizze gefunden
Verteilung der Resultate
Anzahl Personen mit jedem Resultat
Perzentil nach korrekt beantworteten Fragen
Ihre Resultats-Entwicklung
Sie haben dieses Quiz noch nicht gespielt